[Event "DVM U10 2023"]
[Site "Magdeburg GER"]
[Date "2023.12.28"]
[Round "3"]
[White "Mulgunov, Alexej Nikolaj"]
[Black "Noll, Raphael"]
[Result "0-1"]
[Termination "normal"]
[Board "17.1"]
[WhiteElo "1139"]
[BlackElo "1387"]
[WhiteClock "00:15:05"]
[BlackClock "00:18:39"]
[WhiteTeam "fuß brothers Jena"]
[BlackTeam "SK Marburg 1931/72"]
[PlyCount "62"]
[BlackFideId "34653228"]
[EventCountry "GER"]
[EventRounds "7"]
[EventType "team-swiss"]
[EventDate "2023.12.27"]

1. e4 {[%clk 00:55:07]} {[%emt 00:00:02]} e5 {[%clk 00:55:04]} {[%emt
00:00:06]} 2. Nf3 {[%clk 00:55:08]} {[%emt 00:00:04]} Nf6 {[%clk 00:55:00]}
{[%emt 00:00:10]} 3. Nc3 {[%clk 00:54:59]} Nc6 {[%clk 00:54:59]} {[%emt
00:00:20]} 4. Bc4 {[%clk 00:54:52]} Nxe4 {[%clk 00:54:17]} {[%emt 00:00:59]} 5.
Nxe4 {[%clk 00:54:45]} {[%emt 00:00:11]} d5 {[%clk 00:54:13]} {[%emt 00:00:09]}
6. Nc3 {[%clk 00:54:13]} {[%emt 00:00:37]} dxc4 {[%clk 00:53:53]} {[%emt
00:00:26]} 7. O-O {[%clk 00:54:03]} {[%emt 00:00:15]} Bd6 {[%clk 00:53:17]}
{[%emt 00:00:41]} 8. Re1 {[%clk 00:52:32]} {[%emt 00:00:46]} O-O {[%clk
00:53:01]} {[%emt 00:01:10]} 9. d3 {[%clk 00:52:19]} {[%emt 00:00:18]} cxd3
{[%clk 00:51:38]} {[%emt 00:01:29]} 10. Qxd3 {[%clk 00:51:09]} {[%emt
00:00:07]} Bg4 {[%clk 00:50:34]} {[%emt 00:02:17]} 11. h3 {[%clk 00:49:22]}
{[%emt 00:01:47]} Bh5 {[%clk 00:49:15]} {[%emt 00:01:28]} 12. Ng5 {[%clk
00:46:49]} {[%emt 00:02:38]} Bg6 {[%clk 00:48:04]} {[%emt 00:01:17]} 13. Qe2
{[%clk 00:45:24]} {[%emt 00:01:20]} Nd4 {[%clk 00:46:26]} {[%emt 00:01:52]} 14.
Qd1 {[%clk 00:44:30]} {[%emt 00:00:45]} Nxc2 {[%clk 00:45:15]} {[%emt
00:01:31]} 15. Nce4 {[%clk 00:43:13]} {[%emt 00:01:14]} Nxe1 {[%clk 00:43:01]}
{[%emt 00:02:27]} 16. Qxe1 {[%clk 00:43:09]} {[%emt 00:00:08]} h6 {[%clk
00:41:16]} {[%emt 00:01:51]} 17. Nxd6 {[%emt 00:00:56]} cxd6 {[%emt 00:01:02]}
18. Nf3 {[%emt 00:00:16]} f6 {[%emt 00:00:54]} 19. Qc3 {[%clk 00:39:33]} {[%emt
00:00:25]} d5 {[%clk 00:38:41]} {[%emt 00:02:48]} 20. Nh4 {[%clk 00:37:50]}
{[%emt 00:01:47]} Bf7 {[%clk 00:36:56]} {[%emt 00:01:51]} 21. Qg3 {[%clk
00:35:26]} {[%emt 00:00:40]} g5 {[%clk 00:35:33]} {[%emt 00:03:17]} 22. Nf5
{[%clk 00:34:22]} {[%emt 00:00:16]} Kh7 {[%clk 00:33:59]} {[%emt 00:02:31]} 23.
h4 {[%clk 00:33:50]} {[%emt 00:00:30]} Bg6 {[%clk 00:32:36]} {[%emt 00:01:35]}
24. Qh3 {[%clk 00:32:15]} {[%emt 00:01:32]} Qc8 {[%clk 00:30:13]} {[%emt
00:02:37]} 25. g4 {[%emt 00:01:41]} Bxf5 {[%emt 00:01:44]} 26. gxf5 {[%clk
00:26:35]} {[%emt 00:02:20]} Rg8 {[%clk 00:25:00]} {[%emt 00:05:18]} 27. hxg5
{[%clk 00:24:14]} {[%emt 00:02:20]} fxg5 {[%clk 00:24:38]} {[%emt 00:00:33]}
28. Qd3 {[%clk 00:23:31]} {[%emt 00:00:15]} Qd7 {[%clk 00:23:47]} {[%emt
00:01:28]} 29. f6+ {[%clk 00:18:35]} {[%emt 00:04:56]} Kh8 {[%clk 00:20:15]}
{[%emt 00:03:43]} 30. Bd2 {[%clk 00:16:09]} {[%emt 00:02:24]} Qg4+ {[%clk
00:18:39]} {[%emt 00:01:48]} 31. Kf1 {[%clk 00:15:05]} {[%emt 00:00:21]} Qc4
{[%clk 00:18:39]} 0-1

[Event "DVM U10 2023"]
[Site "Magdeburg GER"]
[Date "2023.12.28"]
[Round "3"]
[White "Goebel, Johannes"]
[Black "Glöckner, Jakob"]
[Result "1/2-1/2"]
[Termination "normal"]
[Board "17.2"]
[WhiteElo "1043"]
[BlackElo "865"]
[WhiteClock "00:37:52"]
[BlackClock "00:30:49"]
[WhiteTeam "SK Marburg 1931/72"]
[BlackTeam "fuß brothers Jena"]
[PlyCount "130"]
[EventCountry "GER"]
[EventRounds "7"]
[EventType "team-swiss"]
[EventDate "2023.12.27"]

1. e4 {[%clk 00:55:08]} {[%emt 00:00:01]} e5 {[%clk 00:55:08]} {[%emt
00:00:03]} 2. Nc3 {[%clk 00:55:04]} {[%emt 00:00:08]} Nf6 {[%clk 00:55:09]}
{[%emt 00:00:03]} 3. f4 {[%clk 00:55:02]} {[%emt 00:00:08]} d5 {[%clk
00:54:51]} {[%emt 00:00:22]} 4. exd5 {[%clk 00:54:30]} {[%emt 00:00:39]} exf4
{[%clk 00:54:24]} {[%emt 00:00:16]} 5. Nf3 {[%clk 00:54:23]} {[%emt 00:00:27]}
Nxd5 {[%clk 00:54:00]} {[%emt 00:00:28]} 6. Nxd5 {[%clk 00:53:53]} {[%emt
00:00:37]} Qxd5 {[%clk 00:53:34]} {[%emt 00:00:25]} 7. d4 {[%clk 00:53:46]}
{[%emt 00:00:17]} Qe6+ {[%clk 00:52:45]} {[%emt 00:00:47]} 8. Qe2 {[%clk
00:53:30]} {[%emt 00:00:28]} Qe7 {[%clk 00:51:33]} {[%emt 00:01:16]} 9. Bxf4
{[%clk 00:53:02]} {[%emt 00:00:35]} Bg4 {[%clk 00:51:04]} {[%emt 00:00:32]} 10.
Bxc7 {[%clk 00:52:38]} {[%emt 00:00:30]} Bxf3 {[%clk 00:50:40]} {[%emt
00:00:28]} 11. Qxe7+ {[%clk 00:52:19]} {[%emt 00:00:26]} Bxe7 {[%clk 00:50:19]}
{[%emt 00:00:16]} 12. gxf3 {[%clk 00:52:10]} {[%emt 00:00:24]} Bh4+ {[%clk
00:49:34]} {[%emt 00:00:43]} 13. Bg3 {[%clk 00:52:05]} {[%emt 00:00:16]} Bxg3+
{[%clk 00:49:26]} {[%emt 00:00:10]} 14. hxg3 {[%clk 00:52:03]} {[%emt
00:00:11]} O-O {[%clk 00:49:19]} {[%emt 00:00:09]} 15. O-O-O {[%clk 00:51:59]}
{[%emt 00:00:12]} Nc6 {[%clk 00:49:09]} {[%emt 00:00:13]} 16. Bb5 {[%emt
00:00:54]} a6 {[%clk 00:48:15]} {[%emt 00:00:57]} 17. Bxc6 {[%clk 00:51:09]}
{[%emt 00:00:10]} bxc6 {[%clk 00:47:45]} {[%emt 00:00:09]} 18. d5 {[%clk
00:50:42]} {[%emt 00:00:55]} c5 {[%clk 00:47:31]} {[%emt 00:00:17]} 19. Rh4
{[%clk 00:49:59]} {[%emt 00:00:52]} Rfe8 {[%emt 00:00:58]} 20. Rc4 {[%clk
00:49:27]} {[%emt 00:00:35]} Rac8 {[%clk 00:46:18]} {[%emt 00:00:20]} 21. d6
{[%clk 00:49:24]} {[%emt 00:00:16]} Red8 {[%clk 00:45:50]} {[%emt 00:00:32]}
22. d7 {[%clk 00:48:59]} {[%emt 00:00:31]} Rc7 {[%clk 00:45:41]} {[%emt
00:00:11]} 23. a3 {[%clk 00:48:19]} {[%emt 00:00:48]} Kf8 {[%clk 00:45:32]}
{[%emt 00:00:13]} 24. Ra4 {[%clk 00:48:10]} {[%emt 00:00:15]} Ra7 {[%clk
00:45:24]} {[%emt 00:00:12]} 25. Ra5 {[%clk 00:47:57]} {[%emt 00:00:19]} c4
{[%clk 00:45:09]} {[%emt 00:00:19]} 26. Rc5 {[%clk 00:47:40]} {[%emt 00:00:21]}
Rdxd7 {[%clk 00:44:26]} {[%emt 00:00:43]} 27. Rxd7 {[%clk 00:47:35]} {[%emt
00:00:16]} Rxd7 {[%clk 00:44:15]} {[%emt 00:00:12]} 28. Rxc4 {[%clk 00:47:33]}
{[%emt 00:00:12]} Re7 {[%clk 00:43:50]} {[%emt 00:00:18]} 29. Kd2 {[%clk
00:47:11]} {[%emt 00:00:39]} Rd7+ {[%clk 00:43:34]} {[%emt 00:00:13]} 30. Ke3
{[%clk 00:47:02]} {[%emt 00:00:22]} Ke7 {[%clk 00:43:26]} {[%emt 00:00:08]} 31.
Re4+ {[%clk 00:46:40]} {[%emt 00:00:30]} Kf6 {[%clk 00:43:02]} {[%emt
00:00:28]} 32. Ra4 {[%clk 00:45:12]} {[%emt 00:01:35]} Rd6 {[%clk 00:42:51]}
{[%emt 00:00:17]} 33. g4 {[%clk 00:43:50]} {[%emt 00:01:27]} g6 {[%clk
00:42:42]} {[%emt 00:00:11]} 34. Rf4+ {[%clk 00:43:07]} {[%emt 00:00:50]} Kg5
{[%clk 00:41:44]} {[%emt 00:01:00]} 35. Rxf7 {[%clk 00:42:54]} {[%emt
00:00:22]} h5 {[%clk 00:41:33]} {[%emt 00:00:07]} 36. gxh5 {[%clk 00:41:58]}
{[%emt 00:01:09]} gxh5 {[%emt 00:00:18]} 37. f4+ {[%emt 00:00:20]} Kg4 {[%clk
00:40:53]} {[%emt 00:00:06]} 38. f5 {[%clk 00:41:44]} {[%emt 00:00:21]} h4
{[%clk 00:40:38]} {[%emt 00:00:11]} 39. f6 {[%clk 00:41:39]} {[%emt 00:00:19]}
h3 {[%clk 00:40:23]} {[%emt 00:00:10]} 40. Rg7+ {[%clk 00:41:38]} {[%emt
00:00:16]} Kh4 {[%emt 00:00:16]} 41. f7 {[%emt 00:00:19]} Rf6 {[%clk 00:39:02]}
{[%emt 00:00:44]} 42. Ke4 {[%clk 00:41:26]} {[%emt 00:00:25]} h2 {[%clk
00:38:45]} {[%emt 00:00:05]} 43. Ke5 {[%clk 00:41:28]} {[%emt 00:00:18]} Rf1
{[%clk 00:38:13]} {[%emt 00:00:37]} 44. Ke6 {[%clk 00:41:01]} {[%emt 00:00:34]}
Kh3 {[%clk 00:37:37]} {[%emt 00:00:09]} 45. Rg8 {[%clk 00:40:56]} {[%emt
00:00:41]} Re1+ {[%clk 00:37:05]} {[%emt 00:00:30]} 46. Kf6 {[%clk 00:40:43]}
{[%emt 00:00:26]} Rf1+ {[%clk 00:36:48]} {[%emt 00:00:17]} 47. Kg7 {[%clk
00:40:31]} {[%emt 00:00:21]} Kg2 {[%clk 00:36:33]} {[%emt 00:00:05]} 48. Kf8+
{[%clk 00:39:56]} {[%emt 00:00:54]} Kf2 {[%clk 00:36:21]} {[%emt 00:00:12]} 49.
Rh8 {[%clk 00:39:42]} {[%emt 00:00:24]} h1=Q {[%clk 00:36:10]} {[%emt
00:00:15]} 50. Rxh1 {[%clk 00:39:43]} {[%emt 00:00:05]} Rxh1 {[%clk 00:35:55]}
{[%emt 00:00:13]} 51. Ke8 {[%clk 00:39:40]} {[%emt 00:00:16]} Re1+ {[%emt
00:00:09]} 52. Kf8 {[%emt 00:00:26]} Ke3 {[%clk 00:34:48]} {[%emt 00:00:25]}
53. Kg7 {[%emt 00:00:27]} Rg1+ {[%emt 00:00:15]} 54. Kf6 {[%clk 00:39:04]}
{[%emt 00:00:10]} Rf1+ {[%clk 00:34:16]} {[%emt 00:00:26]} 55. Ke7 {[%clk
00:39:01]} {[%emt 00:00:19]} Kd2 {[%emt 00:00:06]} 56. f8=Q {[%emt 00:00:21]}
Rxf8 {[%clk 00:33:39]} {[%emt 00:00:15]} 57. Kxf8 {[%clk 00:38:59]} {[%emt
00:00:06]} Kxc2 {[%clk 00:33:34]} {[%emt 00:00:11]} 58. Ke7 {[%clk 00:38:53]}
{[%emt 00:00:13]} Kxb2 {[%emt 00:00:01]} 59. Kd6 {[%emt 00:00:10]} Kxa3 {[%clk
00:33:09]} {[%emt 00:00:11]} 60. Kc5 {[%clk 00:38:48]} {[%emt 00:00:16]} a5
{[%emt 00:00:08]} 61. Kc4 {[%clk 00:38:48]} {[%emt 00:00:19]} Ka2 {[%clk
00:32:12]} {[%emt 00:02:30]} 62. Kc3 {[%clk 00:38:11]} a4 {[%clk 00:32:05]}
{[%emt 00:00:28]} 63. Kc2 {[%clk 00:37:55]} {[%emt 00:00:47]} a3 {[%clk
00:31:52]} 64. Kc1 {[%emt 00:01:12]} Ka1 65. Kc2 {[%clk 00:37:52]} {[%emt
00:00:12]} a2 {[%clk 00:30:49]} *

[Event "DVM U10 2023"]
[Site "Magdeburg GER"]
[Date "2023.12.28"]
[Round "3"]
[White "Tran, Nhat Nam"]
[Black "Geschke, Jonathan"]
[Result "1-0"]
[Termination "normal"]
[Board "18.1"]
[WhiteElo "1302"]
[BlackElo "1424"]
[WhiteClock "00:49:43"]
[BlackClock "00:43:48"]
[WhiteTeam "Greifswalder SV"]
[BlackTeam "SG Porz"]
[PlyCount "29"]
[WhiteFideId "34692193"]
[BlackFideId "34636129"]
[EventCountry "GER"]
[EventRounds "7"]
[EventType "team-swiss"]
[EventDate "2023.12.27"]

1. e4 {[%clk 00:55:09]} e5 {[%clk 00:55:02]} {[%emt 00:00:09]} 2. Nf3 {[%clk
00:55:05]} {[%emt 00:00:08]} Nc6 {[%clk 00:55:03]} {[%emt 00:00:04]} 3. Bb5
{[%clk 00:55:01]} {[%emt 00:00:09]} a6 {[%clk 00:54:36]} {[%emt 00:00:33]} 4.
Bxc6 {[%clk 00:54:49]} {[%emt 00:00:16]} bxc6 {[%clk 00:53:52]} {[%emt
00:00:50]} 5. d4 {[%clk 00:54:12]} {[%emt 00:00:42]} exd4 {[%clk 00:53:43]}
{[%emt 00:00:13]} 6. Qxd4 {[%clk 00:53:47]} {[%emt 00:00:29]} d5 {[%clk
00:53:14]} {[%emt 00:00:35]} 7. Nc3 {[%clk 00:53:08]} {[%emt 00:00:44]} Be6
{[%clk 00:51:26]} {[%emt 00:01:53]} 8. O-O {[%clk 00:52:23]} {[%emt 00:00:49]}
c5 {[%clk 00:51:01]} {[%emt 00:00:31]} 9. Qe5 {[%clk 00:51:12]} {[%emt
00:01:15]} d4 {[%clk 00:50:52]} {[%emt 00:00:15]} 10. Nd5 {[%clk 00:50:53]}
{[%emt 00:00:24]} Bd6 {[%clk 00:50:06]} {[%emt 00:00:51]} 11. Qxg7 {[%clk
00:50:43]} {[%emt 00:00:15]} Bxd5 {[%clk 00:47:40]} {[%emt 00:02:31]} 12. Qxh8
{[%clk 00:50:17]} {[%emt 00:00:31]} Kd7 {[%clk 00:46:31]} {[%emt 00:01:14]} 13.
exd5 {[%clk 00:50:03]} {[%emt 00:00:19]} Be7 {[%clk 00:44:39]} {[%emt
00:01:57]} 14. Ne5+ {[%clk 00:49:43]} {[%emt 00:00:26]} Kd6 {[%clk 00:43:48]}
{[%emt 00:00:54]} 15. Nxf7+ {[%emt 00:00:38]} 1-0

[Event "DVM U10 2023"]
[Site "Magdeburg GER"]
[Date "2023.12.28"]
[Round "3"]
[White "Bienbeck, Matthis"]
[Black "Zarbock, Tim Pepe"]
[Result "1-0"]
[Termination "normal"]
[Board "18.2"]
[WhiteElo "1279"]
[BlackElo "756"]
[WhiteClock "00:26:11"]
[BlackClock "00:20:31"]
[WhiteTeam "SG Porz"]
[BlackTeam "Greifswalder SV"]
[PlyCount "93"]
[EventCountry "GER"]
[EventRounds "7"]
[EventType "team-swiss"]
[EventDate "2023.12.27"]

1. e4 {[%clk 00:54:55]} {[%emt 00:00:14]} e5 {[%clk 00:55:04]} {[%emt
00:00:07]} 2. Nf3 {[%clk 00:54:50]} {[%emt 00:00:09]} Nc6 {[%clk 00:55:01]}
{[%emt 00:00:09]} 3. Bb5 {[%clk 00:54:34]} {[%emt 00:00:20]} d6 {[%clk
00:54:50]} {[%emt 00:00:16]} 4. O-O {[%clk 00:54:31]} {[%emt 00:00:08]} Nf6
{[%clk 00:54:32]} {[%emt 00:00:24]} 5. d3 {[%clk 00:54:25]} {[%emt 00:00:10]}
Bd7 {[%clk 00:54:01]} {[%emt 00:00:37]} 6. c3 {[%clk 00:54:14]} {[%emt
00:00:16]} a6 {[%clk 00:53:12]} {[%emt 00:00:55]} 7. Ba4 {[%clk 00:53:02]}
{[%emt 00:01:16]} Be7 {[%clk 00:52:27]} {[%emt 00:00:50]} 8. Re1 {[%clk
00:52:43]} {[%emt 00:00:24]} O-O {[%clk 00:51:58]} {[%emt 00:00:34]} 9. Nbd2
{[%clk 00:51:43]} {[%emt 00:01:04]} Nh5 {[%clk 00:50:18]} {[%emt 00:01:45]} 10.
Nxe5 {[%clk 00:50:05]} {[%emt 00:01:42]} dxe5 {[%clk 00:49:49]} {[%emt
00:00:35]} 11. Qxh5 {[%clk 00:49:53]} {[%emt 00:00:18]} g6 {[%clk 00:48:53]}
{[%emt 00:01:01]} 12. Qd1 {[%clk 00:49:12]} {[%emt 00:00:45]} Qe8 {[%emt
00:02:03]} 13. Nf1 {[%clk 00:48:48]} {[%emt 00:00:28]} Na7 {[%clk 00:46:04]}
{[%emt 00:00:57]} 14. Bb3 {[%clk 00:47:58]} {[%emt 00:00:56]} Nb5 {[%clk
00:42:05]} {[%emt 00:04:04]} 15. Bh6 {[%clk 00:47:46]} {[%emt 00:00:17]} Nd6
{[%clk 00:39:30]} {[%emt 00:02:40]} 16. Ne3 {[%clk 00:46:55]} {[%emt 00:00:55]}
Bc6 {[%clk 00:37:47]} {[%emt 00:01:49]} 17. Bd5 {[%clk 00:44:57]} {[%emt
00:02:03]} Qd7 {[%clk 00:35:23]} {[%emt 00:02:28]} 18. Bxf8 {[%clk 00:44:22]}
{[%emt 00:00:40]} Bxf8 {[%clk 00:35:16]} {[%emt 00:00:12]} 19. Ng4 {[%clk
00:43:47]} {[%emt 00:00:40]} Be7 {[%clk 00:34:44]} {[%emt 00:00:37]} 20. Nxe5
{[%clk 00:43:11]} {[%emt 00:00:41]} Qd8 {[%clk 00:33:30]} {[%emt 00:01:19]} 21.
Bxc6 {[%clk 00:42:09]} {[%emt 00:01:07]} bxc6 {[%clk 00:33:22]} {[%emt
00:00:12]} 22. Nxc6 {[%clk 00:42:09]} {[%emt 00:00:06]} Qe8 {[%clk 00:33:12]}
{[%emt 00:00:15]} 23. Nxe7+ {[%clk 00:42:03]} {[%emt 00:00:12]} Qxe7 {[%clk
00:33:04]} {[%emt 00:00:12]} 24. e5 {[%clk 00:38:54]} {[%emt 00:03:14]} Nf5
{[%clk 00:32:33]} {[%emt 00:00:35]} 25. d4 {[%clk 00:38:15]} {[%emt 00:00:45]}
Rd8 {[%clk 00:31:14]} {[%emt 00:01:24]} 26. Qg4 {[%clk 00:34:58]} {[%emt
00:03:22]} c5 {[%clk 00:29:15]} {[%emt 00:02:05]} 27. dxc5 {[%clk 00:33:03]}
{[%emt 00:01:59]} Qxc5 {[%clk 00:29:09]} {[%emt 00:00:12]} 28. Rad1 {[%clk
00:30:48]} {[%emt 00:02:19]} Rxd1 {[%clk 00:28:41]} {[%emt 00:00:33]} 29. Qxd1
{[%clk 00:30:15]} {[%emt 00:00:38]} Qe7 {[%clk 00:26:34]} {[%emt 00:02:12]} 30.
Qb3 {[%clk 00:28:57]} {[%emt 00:01:24]} Qe6 {[%clk 00:25:56]} {[%emt 00:00:42]}
31. Qxe6 {[%clk 00:28:53]} {[%emt 00:00:09]} fxe6 {[%clk 00:25:55]} {[%emt
00:00:06]} 32. b4 {[%clk 00:28:34]} {[%emt 00:00:25]} Ne7 {[%clk 00:25:37]}
{[%emt 00:00:23]} 33. c4 {[%clk 00:28:22]} {[%emt 00:00:17]} Nc8 {[%clk
00:25:07]} {[%emt 00:00:35]} 34. c5 {[%clk 00:28:05]} {[%emt 00:00:22]} Na7
{[%clk 00:24:44]} {[%emt 00:00:27]} 35. a4 {[%clk 00:27:53]} {[%emt 00:00:17]}
Kf7 {[%clk 00:24:14]} {[%emt 00:00:36]} 36. Rd1 {[%clk 00:27:42]} {[%emt
00:00:16]} Ke7 {[%clk 00:23:50]} {[%emt 00:00:29]} 37. Rd6 {[%clk 00:27:32]}
{[%emt 00:00:15]} Nc8 {[%clk 00:22:50]} {[%emt 00:01:05]} 38. Rxa6 {[%clk
00:27:31]} {[%emt 00:00:07]} g5 {[%clk 00:22:34]} {[%emt 00:00:20]} 39. b5
{[%clk 00:27:26]} {[%emt 00:00:10]} Kf7 {[%clk 00:22:31]} {[%emt 00:00:08]} 40.
b6 {[%clk 00:27:20]} {[%emt 00:00:10]} Ne7 {[%clk 00:22:26]} {[%emt 00:00:11]}
41. Ra7 {[%clk 00:27:08]} {[%emt 00:00:17]} Kf8 {[%clk 00:21:53]} {[%emt
00:00:37]} 42. Rxe7 {[%clk 00:27:06]} {[%emt 00:00:07]} Kxe7 {[%clk 00:21:51]}
{[%emt 00:00:07]} 43. b7 {[%clk 00:27:05]} {[%emt 00:00:06]} Kf7 {[%clk
00:21:50]} {[%emt 00:00:08]} 44. b8=Q {[%emt 00:00:10]} Kg6 {[%clk 00:21:42]}
{[%emt 00:00:12]} 45. g4 {[%clk 00:26:52]} {[%emt 00:00:12]} Kh6 {[%clk
00:20:35]} {[%emt 00:01:12]} 46. Qf8+ {[%clk 00:26:14]} {[%emt 00:00:42]} Kg6
{[%clk 00:20:31]} {[%emt 00:00:10]} 47. Qf6# {[%clk 00:26:11]} {[%emt
00:00:08]} 1-0